| 000 | 01247 a2200229 4500 | ||
|---|---|---|---|
| 001 | 40628 | ||
| 005 | 20260407155702.0 | ||
| 008 | 260407a2015 arg spa d | ||
| 003 | AR-UNSa-BCEJYS | ||
| 040 |
_aAR-UNSa-BCEJYS _bspa _cAR-UNSa-BCEJYS |
||
| 080 |
_a001.8 _xMetodología. Estudio general del método. Procedimientos científicos y técnicos para el estudio, La investigación y la discusión |
||
| 245 | 1 | 0 | _aEstrategias de investigación cualitativa |
| 020 | _a978-84-9784-173-3 | ||
| 264 | 1 |
_aBarcelona : _bGedisa _c2015 |
|
| 300 |
_a277 p. _c23 cm. |
||
| 505 | _a1. La investigación cualitativa - 2. Los componentes del diseño flexible en la investigación cualitativa - 3. El abordaje etnográfico en la investigación social - 4. La teoría fundamentada en los datos (Grounded Theory) de Glaser y Strauss - 5. Historia de vida y métodos biográficos - 6. Los estudios de caso en la investigación sociológica - 7. El uso de la computadora como auxiliar en el análisis de datos cualitativos - | ||
| 041 | _aspa | ||
| 942 | _cBK | ||
| 590 | _aniveau_biblio:m niveau_hierar:0 | ||
| 100 | 1 | _aVasilachis de Gialdino, Irene | |
| 856 | 4 | 1 |
_uhttps://biblioeco.unsa.edu.ar/pmb/images/libros/L126230.jpg _yImagen de portada _qimage/jpeg |
| 999 |
_c3278 _d3278 |
||